000 00841cab a2200253 4500
001 WB3503-30
008 090401t1999 xxu||||| |||| 00| 0 eng d
035 _a(Sirsi) u90780
041 _aeng
245 _aLiving on the edge
260 _c1999
350 _a0
490 _aTimes
_v16 January 1999, 2.1-2.2(2)
520 _aViolent weather and high sea levels are eroding Britain`s coastline drastically. Plans to deal with the problem are aimed at accommodating the sea rather than fighting it, which means many homeowners will lose their houses to the sea in the next few years.
650 _aCOASTAL EROSION
650 _aEAST ANGLIA
650 _aEAST COAST OF ENGLAND
650 _aNORTH YORKSHIRE
650 _aSEA LEVELS
650 _aSOUTH COAST OF ENGLAND
690 _aLAND
942 _n0
948 _c19/01/1999
999 _c57573
_d57573